|
|
|
|
| LEADER |
00000nam0a2200000 4500 |
| 001 |
146237 |
| 005 |
20231101221216.0 |
| 010 |
|
|
|a 9785314000670
|
| 035 |
|
|
|a (RuTPU)RU\TPU\book\158509
|
| 090 |
|
|
|a 146237
|
| 100 |
|
|
|a 20081028d2008 km y0rusy50 ca
|
| 101 |
1 |
|
|a rus
|c eng
|
| 102 |
|
|
|a RU
|
| 105 |
|
|
|a a z 001zy
|
| 200 |
1 |
|
|a Психология эмоций
|e пер. с англ.
|f К. Э. Изард
|
| 210 |
|
|
|a Санкт-Петербург
|c Питер
|d 2008
|
| 215 |
|
|
|a 464 с.
|c ил.
|
| 225 |
1 |
|
|a Мастера психологии
|
| 320 |
|
|
|a Библиогр.: с. 427-449.
|
| 320 |
|
|
|a Предметный указатель: с. 450-460.
|
| 330 |
|
|
|a Имя Кэррола Э. Изарда, одного из создателей теории дифференциальных эмоций, известно каждому психологу. «Психология эмоций» (1991) является расширенной и переработанной версией его книги «Эмоции человека» (1978), которая стала у нас в стране одним из базовых пособий по курсу психологии личности. В «Психологии эмоций» Изард анализирует и обобщает огромное количество новых экспериментальных данных и теоретических концепций, вошедших в научный обиход в последние десятилетия, на протяжении которых наука об эмоциях стремительно эволюционировала. Рекомендуется изучающим психологию личности, социальную, когнитивную, клиническую психологию.
|
| 606 |
1 |
|
|a Эмоции (психология)
|2 stltpush
|3 (RuTPU)RU\TPU\subj\21177
|9 46208
|
| 610 |
1 |
|
|a чувства
|
| 610 |
1 |
|
|a мотивации
|
| 610 |
1 |
|
|a эмоциональное поведение
|
| 610 |
1 |
|
|a эмоциональные срывы
|
| 610 |
1 |
|
|a эмоциональные процессы
|
| 610 |
1 |
|
|a сознание
|
| 610 |
1 |
|
|a возрастные изменения
|
| 610 |
1 |
|
|a интересы
|
| 610 |
1 |
|
|a возбуждение
|
| 610 |
1 |
|
|a удовольствия
|
| 610 |
1 |
|
|a радость
|
| 610 |
1 |
|
|a удивление
|
| 610 |
1 |
|
|a печаль
|
| 610 |
1 |
|
|a горе
|
| 610 |
1 |
|
|a депрессия
|
| 610 |
1 |
|
|a гнев
|
| 610 |
1 |
|
|a отвращение
|
| 610 |
1 |
|
|a страх
|
| 610 |
1 |
|
|a тревога
|
| 610 |
1 |
|
|a стыд
|
| 610 |
1 |
|
|a вина
|
| 610 |
1 |
|
|a совесть
|
| 610 |
1 |
|
|a нравственность
|
| 610 |
1 |
|
|a любовь
|
| 686 |
|
|
|a Ю935.2
|v LBC/SL-A
|2 rubbk
|
| 700 |
|
1 |
|a Изард
|b К. Э.
|g Кэррол
|
| 801 |
|
1 |
|a RU
|b 63413507
|c 20081028
|g PSBO
|
| 801 |
|
2 |
|a RU
|b 63413507
|c 20180412
|g PSBO
|
| 900 |
|
|
|a Психология
|
| 900 |
|
|
|a Психология личности
|
| 900 |
|
|
|a Социальная психология
|
| 942 |
|
|
|c BK
|
| 959 |
|
|
|a 94/20081023
|d 2
|e 184,00
|f АНЛ:1
|f ЧЗГЛ:1
|